| 000 | 00822nam a2200289Ia 4500 | ||
|---|---|---|---|
| 003 | OSt | ||
| 005 | 20221007110118.0 | ||
| 006 | a|||||r|||| 00| 0 | ||
| 007 | ta | ||
| 008 | 221006b |||||||| |||| 00| 0 eng d | ||
| 020 | _a8190366491 | ||
| 024 | _a20,385 | ||
| 037 | _cTextual | ||
| 040 |
_aLCO _cLCO _beng |
||
| 041 |
_2eng _aeng |
||
| 082 | _aZ2,267, P7 | ||
| 100 | _aCornish William | ||
| 245 | 0 |
_aIntellectual Property _b Patents, Copyright, Trade Marks and Allied Rights |
|
| 250 | _a6th | ||
| 260 |
_aLondon _bSweet & Maxwell U.K. _c2007 |
||
| 300 | _a940 | ||
| 500 | _aSOUTH ASIAN EDITION (Copy right) | ||
| 650 |
_aINTELLECTUAL PROPERTY _9583124 |
||
| 700 | _a Llewelyn David | ||
| 942 |
_hZ2,267, P7 _cTEXL |
||
| 999 |
_c1189948 _d1189948 |
||